[Event "GER-chT U16 Girls"]
[Site "Magdeburg"]
[Date "2023.12.30"]
[Round "7.3"]
[White "Hergenroeder, Cora"]
[Black "Czaeczine, Paula"]
[Result "0-1"]
[WhiteElo "1500"]
[BlackElo "1581"]
[PlyCount "98"]
[EventDate "2023.12.26"]
[EventType "team-swiss"]
[EventRounds "7"]
[EventCountry "GER"]
[SourceTitle "CB03_2024"]
[SourceDate "2024.01.17"]
[SourceVersion "1"]
[SourceVersionDate "2024.01.17"]
[SourceQuality "1"]
[WhiteTeam "Oberkotzau"]
[BlackTeam "Chemnitz Aufbau"]
[WhiteTeamCountry "GER"]
[BlackTeamCountry "GER"]

1. d4 d5 2. c4 dxc4 3. Nf3 c5 4. e3 Nf6 5. Bxc4 a6 6. 0-0 e6 7. dxc5 Bxc5 8. Qxd8+ Kxd8 9. Rd1+ Ke7 10. a3 b5 11. Be2 Bb7 12. b4 Ba7 13. Bb2 Nbd7 14. Nbd2 Nb6 15. Rac1 Rac8 16. Rxc8 Rxc8 17. Rc1 Rxc1+ 18. Bxc1 Na4 19. Ne5 Nd7 20. Nd3 Nc3 21. Bf1 Nf6 22. Nb3 Nce4 23. Be2 Nc3 24. Bf1 Nfd5 25. Na5 Ba8 26. Nb3 Bb7 27. Ndc5 Bc8 28. Bb2 f5 29. Kh1 Nd1 30. Bxg7 Nxf2+ 31. Kg1 Ng4 32. Bd4 e5 33. Bb2 e4 34. Bd4 Ngxe3 35. Na5 Bxc5 36. Bxc5+ Ke6 37. Bd4 Nc2 38. Bb2 f4 39. Be2 Kf5 40. Nb3 Nde3 41. Nd4+ Nxd4 42. Bxd4 Nc2 43. Bb2 Be6 44. Kf2 e3+ 45. Kf1 Bc4 46. Bxc4 bxc4 47. Bc1 Ke4 48. Ke2 Nd4+ 49. Kd1 Kd3 0-1

[Event "GER-chT U16 Girls"]
[Site "Magdeburg"]
[Date "2023.12.28"]
[Round "4.3"]
[White "Hergenroeder, Cora"]
[Black "Fock, Madiha"]
[Result "1-0"]
[WhiteElo "1500"]
[BlackElo "1697"]
[PlyCount "113"]
[EventDate "2023.12.26"]
[EventType "team-swiss"]
[EventRounds "7"]
[EventCountry "GER"]
[SourceTitle "CB03_2024"]
[SourceDate "2024.01.17"]
[SourceVersion "1"]
[SourceVersionDate "2024.01.17"]
[SourceQuality "1"]
[WhiteTeam "Oberkotzau"]
[BlackTeam "Oberschoeneweide"]
[WhiteTeamCountry "GER"]
[BlackTeamCountry "GER"]

1. d4 Nf6 2. c4 g6 3. Nc3 d5 4. Bf4 Bg7 5. e3 0-0 6. cxd5 Nxd5 7. Nxd5 Qxd5 8. Bxc7 Bf5 9. Nf3 Nc6 10. b3 Nb4 11. Rc1 b6 12. Bc4 Qb7 13. Bg3 Nxa2 14. Ra1 Nb4 15. 0-0 b5 16. Be2 Bc2 17. Qd2 a5 18. Ne1 Bxb3 19. Rxa5 Rxa5 20. Qxb4 Ra2 21. Qxb3 Rxe2 22. Nd3 Rc8 23. h3 e6 24. Ra1 Rec2 25. Be5 R2c3 26. Qd1 Bxe5 27. Nxe5 b4 28. Nd3 b3 29. Nc5 Qb4 30. Rb1 b2 31. Kh2 Qa3 32. Qa4 Rb8 33. Qd7 Qa2 34. Qd6 Qa7 35. Nd7 Rcb3 36. Nxb8 Qxb8 37. Qxb8+ Rxb8 38. Kg3 g5 39. Kf3 Kg7 40. Ke2 Kf6 41. Kd2 Kf5 42. Kc2 Ke4 43. Rxb2 Rxb2+ 44. Kxb2 Kd3 45. g4 Ke2 46. e4 Kxf2 47. d5 Kg3 48. d6 Kxh3 49. d7 Kxg4 50. d8Q h5 51. Qf6 h4 52. Qxf7 Kh3 53. Qxe6+ g4 54. Qf5 Kg3 55. e5 h3 56. e6 h2 57. Qf1 1-0

[Event "GER-ch U14 Girls"]
[Site "Willingen"]
[Date "2023.05.31"]
[Round "6"]
[White "Hergenroeder, Cora"]
[Black "Oellrich, Emma"]
[Result "1/2-1/2"]
[WhiteElo "1466"]
[BlackElo "1525"]
[PlyCount "53"]
[EventDate "2023.05.27"]
[EventType "swiss"]
[EventRounds "9"]
[EventCountry "GER"]
[SourceTitle "CBM 214 Extra"]
[Source "ChessBase"]
[SourceDate "2023.07.31"]
[SourceVersion "1"]
[SourceVersionDate "2023.07.31"]
[SourceQuality "1"]

1. d4 Nf6 2. c4 g6 3. Nc3 Bg7 4. e4 d6 5. Nf3 0-0 6. Be2 e5 7. d5 Bg4 8. h3 Bxf3 9. Bxf3 a5 10. Be3 Na6 11. 0-0 Nd7 12. Qd2 Nac5 13. Qc2 f5 14. exf5 gxf5 15. Na4 Nxa4 16. Qxa4 e4 17. Bd1 f4 18. Bd2 f3 19. Qb3 Nc5 20. Qa3 Be5 21. gxf3 exf3 22. Bxf3 Qf6 23. Bg2 Bxb2 24. Qg3+ Qg6 25. Qxg6+ hxg6 26. Rab1 Bd4 27. Rbe1 1/2-1/2

[Event "GER-ch U14 Girls"]
[Site "Willingen"]
[Date "2023.05.30"]
[Round "4"]
[White "Hergenroeder, Cora"]
[Black "Ignatova, Gabriela"]
[Result "1-0"]
[WhiteElo "1466"]
[BlackElo "1146"]
[PlyCount "107"]
[EventDate "2023.05.27"]
[EventType "swiss"]
[EventRounds "9"]
[EventCountry "GER"]
[SourceTitle "CBM 214 Extra"]
[Source "ChessBase"]
[SourceDate "2023.07.31"]
[SourceVersion "1"]
[SourceVersionDate "2023.07.31"]
[SourceQuality "1"]

1. d4 d5 2. c4 e6 3. Nc3 Nf6 4. cxd5 exd5 5. Bg5 Be7 6. e3 Bf5 7. Bd3 Bxd3 8. Qxd3 c6 9. Nge2 Nbd7 10. 0-0 0-0 11. f3 c5 12. Bh4 cxd4 13. Nxd4 Rc8 14. Nf5 Ne5 15. Nxe7+ Qxe7 16. Bxf6 Qxf6 17. Qxd5 Nc4 18. Nd1 b6 19. Rc1 Nxb2 20. Nxb2 Qxb2 21. Rxc8 Rxc8 22. Qd7 Rf8 23. Qxa7 h6 24. Rd1 Rc8 25. Qd7 Rc2 26. Qe8+ Kh7 27. Qe4+ g6 28. f4 Rc1 29. Rxc1 Qxc1+ 30. Kf2 Qd2+ 31. Kf3 Qxa2 32. h4 b5 33. h5 Qe6 34. hxg6+ Qxg6 35. Qb7 h5 36. Qxb5 f5 37. Qd7+ Kh6 38. Qd8 Qg7 39. Qd6+ Kh7 40. Qe6 Qg4+ 41. Kf2 h4 42. Qd7+ Kg6 43. Qc6+ Kf7 44. Qf3 Qxf3+ 45. gxf3 Ke6 46. Kg2 Kd5 47. Kh3 Kc4 48. Kxh4 Kd3 49. Kg5 Kxe3 50. Kxf5 Kxf3 51. Ke5 Kg4 52. f5 Kg5 53. Ke6 Kf4 54. f6 1-0

[Event "GER-chT U16 Girls"]
[Site "Neumuenster"]
[Date "2022.12.28"]
[Round "4"]
[White "Gruber, Florentine"]
[Black "Hergenroeder, Cora"]
[Result "1/2-1/2"]
[WhiteElo "1289"]
[BlackElo "1498"]
[PlyCount "81"]
[EventDate "2022.12.26"]
[EventType "team-swiss"]
[EventRounds "7"]
[EventCountry "GER"]
[SourceTitle "CBM 212 Extra"]
[Source "ChessBase"]
[SourceDate "2023.03.31"]
[SourceVersion "1"]
[SourceVersionDate "2023.03.31"]
[SourceQuality "1"]
[WhiteTeam "Paderborn Akademie"]
[BlackTeam "Oberkotzau"]
[WhiteTeamCountry "GER"]
[BlackTeamCountry "GER"]

1. d4 d5 2. Nf3 Nc6 3. g3 Nf6 4. Bg2 Bg4 5. 0-0 e6 6. c4 dxc4 7. Qa4 Qd7 8. Qxc4 Bd6 9. Nc3 Bf5 10. a3 0-0 11. Re1 Ne4 12. Nxe4 Bxe4 13. Rd1 Rfd8 14. Ng5 Bxg2 15. Kxg2 Be7 16. Nf3 Na5 17. Qd3 h6 18. Bf4 Bd6 19. Bxd6 Qxd6 20. Qc3 Nc6 21. e3 Qd5 22. Qc2 Rac8 23. Qe2 g5 24. Kg1 Qf5 25. h4 Qg4 26. Re1 Ne7 27. hxg5 hxg5 28. Kg2 Kg7 29. Ne5 Qxe2 30. Rxe2 c5 31. dxc5 Rxc5 32. Nf3 Nc6 33. Rd2 g4 34. Nd4 Nxd4 35. Rxd4 Rxd4 36. exd4 Rc2 37. b4 Rd2 38. Rc1 Rxd4 39. Rc7 Rd3 40. a4 Ra3 41. a5 1/2-1/2

[Event "GER-ch U14 Girls"]
[Site "Willingen"]
[Date "2022.06.08"]
[Round "5"]
[White "Englert, Lin"]
[Black "Hergenroeder, Cora"]
[Result "1/2-1/2"]
[WhiteElo "1503"]
[BlackElo "1398"]
[PlyCount "60"]
[EventDate "2022.06.04"]
[EventType "swiss"]
[EventRounds "9"]
[EventCountry "GER"]
[SourceTitle "CBM 208 Extra"]
[Source "ChessBase"]
[SourceDate "2022.07.31"]
[SourceVersion "1"]
[SourceVersionDate "2022.07.31"]
[SourceQuality "1"]

1. d4 d5 2. c4 e5 3. cxd5 Qxd5 4. dxe5 Qxd1+ 5. Kxd1 Nc6 6. Nf3 Nge7 7. Bf4 Ng6 8. Bg3 Bc5 9. e3 Bg4 10. e6 0-0-0+ 11. Kc1 Bxe6 12. Nc3 a6 13. Ng5 Nf8 14. Nxe6 Nxe6 15. Bc4 Rhe8 16. a3 Bd6 17. Bh4 f6 18. Bd5 Ne5 19. Bxe6+ Rxe6 20. Kc2 Ng6 21. Bg3 Re7 22. Bxd6 Rxd6 23. Rad1 Rxd1 24. Rxd1 Rd7 25. Rxd7 Kxd7 26. Ne4 Nh4 27. g3 Nf3 28. h4 b6 29. Kd3 Ne5+ 30. Kd2 Nf3+ 1/2-1/2

[Event "GER-ch U14 Girls"]
[Site "Willingen"]
[Date "2022.06.06"]
[Round "3"]
[White "Margaryan, Sofia"]
[Black "Hergenroeder, Cora"]
[Result "0-1"]
[WhiteElo "1181"]
[BlackElo "1398"]
[PlyCount "83"]
[EventDate "2022.06.04"]
[EventType "swiss"]
[EventRounds "9"]
[EventCountry "GER"]
[SourceTitle "CBM 208 Extra"]
[Source "ChessBase"]
[SourceDate "2022.07.31"]
[SourceVersion "1"]
[SourceVersionDate "2022.07.31"]
[SourceQuality "1"]

1. d4 d5 2. c4 e6 3. Nc3 Nf6 4. cxd5 exd5 5. Nf3 Bb4 6. Bd2 0-0 7. e3 Bf5 8. Be2 c6 9. 0-0 Nbd7 10. a3 Bd6 11. Rc1 h6 12. h3 Re8 13. b4 Nb6 14. Qb3 a6 15. Rfe1 Be6 16. Qb2 Qe7 17. Ra1 Qc7 18. a4 Nc4 19. Bxc4 dxc4 20. a5 Nd5 21. Nxd5 cxd5 22. Rec1 Bd7 23. Bc3 f6 24. Nd2 Qc6 25. Re1 Bc7 26. Re2 Bf5 27. Nb1 Qd6 28. f4 Qd7 29. Kh2 Bd3 30. Rf2 Rxe3 31. Bd2 Re7 32. Nc3 Kh8 33. Re1 Rxe1 34. Bxe1 Re8 35. Bd2 Bg6 36. Qa3 Bf7 37. Kg1 Bd8 38. Rf3 f5 39. Rg3 Bf6 40. Be3 Bh4 41. Rf3 Bh5 42. Rf1 0-1

[Event "GER-chT Christmas U20 Girls"]
[Site "Playchess.com INT"]
[Date "2020.12.29"]
[Round "3.2"]
[White "Hergenroeder, Cora"]
[Black "Hoffmann, Svenja"]
[Result "1-0"]
[WhiteElo "1489"]
[BlackElo "1307"]
[PlyCount "67"]
[EventDate "2020.12.29"]
[EventType "team-swiss (blitz)"]
[EventRounds "7"]
[EventCountry "GER"]
[SourceTitle "CBM 200 Extra"]
[Source "ChessBase"]
[SourceDate "2021.03.31"]
[SourceVersion "1"]
[SourceVersionDate "2021.03.31"]
[SourceQuality "1"]
[WhiteTeam "Oberkotzau"]
[BlackTeam "Magdeburg Schachzwerge"]
[WhiteTeamCountry "GER"]
[BlackTeamCountry "GER"]

1. d4 d5 2. c4 dxc4 3. e4 Nc6 4. Nf3 e5 5. d5 Bb4+ 6. Bd2 Bxd2+ 7. Qxd2 Nd4 8. Nxd4 exd4 9. Qxd4 Nf6 10. Bxc4 Bd7 11. Nc3 0-0 12. 0-0 c6 13. Rad1 cxd5 14. Nxd5 Nxd5 15. Bxd5 Bc6 16. Rfe1 Bxd5 17. exd5 Qa5 18. Re3 Rad8 19. Rg3 g6 20. a3 Rd7 21. b4 Qa4 22. h4 Rfd8 23. Qf6 Qxd1+ 24. Kh2 Rxd5 25. Qe7 Qh5 26. f3 Qxh4+ 27. Qxh4 Rh5 28. Qxh5 Kh8 29. Qh4 Re8 30. Rh3 Kg8 31. Qxh7+ Kf8 32. Qh4 b6 33. Qf6 Re6 34. Rh8# 1-0

[Event "GER-chT Christmas U20 Girls"]
[Site "Playchess.com INT"]
[Date "2020.12.29"]
[Round "2.2"]
[White "Schulz, Hannah"]
[Black "Hergenroeder, Cora"]
[Result "1-0"]
[WhiteElo "1539"]
[BlackElo "1489"]
[PlyCount "105"]
[EventDate "2020.12.29"]
[EventType "team-swiss (blitz)"]
[EventRounds "7"]
[EventCountry "GER"]
[SourceTitle "CBM 200 Extra"]
[Source "ChessBase"]
[SourceDate "2021.03.31"]
[SourceVersion "1"]
[SourceVersionDate "2021.03.31"]
[SourceQuality "1"]
[WhiteTeam "Karlsruhe"]
[BlackTeam "Oberkotzau"]
[WhiteTeamCountry "GER"]
[BlackTeamCountry "GER"]

1. e4 d5 2. exd5 Qxd5 3. d4 Nc6 4. Nf3 Bg4 5. Be2 Nf6 6. c3 e6 7. Bf4 Qd7 8. Nbd2 Bd6 9. Bxd6 Qxd6 10. Nc4 Qd7 11. Nce5 Nxe5 12. Nxe5 Bxe2 13. Qxe2 Qd5 14. 0-0 0-0-0 15. Nxf7 Rdf8 16. Nxh8 Rxh8 17. a3 h5 18. Rae1 Kd7 19. f4 h4 20. h3 Nh5 21. Qe5 Qc6 22. f5 Rh6 23. fxe6+ Qxe6 24. Qxe6+ Rxe6 25. Rf7+ Kd6 26. Rxe6+ Kxe6 27. Rxc7 Nf4 28. Rxb7 a5 29. Rxg7 Nd3 30. Rb7 Kd6 31. Kf1 Kc6 32. Rb3 Kd5 33. a4 Kc4 34. Rb5 Nf4 35. Kf2 Nd3+ 36. Kf3 Ne1+ 37. Kg4 Nxg2 38. Rxa5 Ne3+ 39. Kxh4 Nd1 40. Rb5 Nxb2 41. Rxb2 Kxc3 42. Rb5 Kc4 43. d5 Kd4 44. d6 Ke4 45. d7 Kd4 46. d8Q+ Kc4 47. Qc7+ Kd4 48. Qd6+ Ke4 49. Re5+ Kf3 50. Qf6+ Kg2 51. Rg5+ Kh1 52. Qf3+ Kh2 53. Qg2# 1-0

[Event "GER-ch U12 Girls"]
[Site "Willingen"]
[Date "2020.10.28"]
[Round "3"]
[White "Hergenroeder, Cora"]
[Black "Steinlechner, Katja"]
[Result "1/2-1/2"]
[WhiteElo "1422"]
[BlackElo "1366"]
[PlyCount "53"]
[EventDate "2020.10.26"]
[EventType "swiss"]
[EventRounds "7"]
[EventCountry "GER"]
[SourceTitle "CBM 199 Extra"]
[Source "ChessBase"]
[SourceDate "2021.01.31"]
[SourceVersion "1"]
[SourceVersionDate "2021.01.31"]
[SourceQuality "1"]

1. d4 Nf6 2. c4 e6 3. Nc3 Bb4 4. Qb3 Bxc3+ 5. Qxc3 h6 6. Nf3 d5 7. Bf4 0-0 8. e3 b6 9. Be2 Bb7 10. 0-0 Nbd7 11. Ne5 Ne4 12. Qc2 Rc8 13. Rac1 Qe7 14. Bf3 Ndf6 15. a3 Rfd8 16. cxd5 exd5 17. Bxe4 Nxe4 18. f3 Nd6 19. Rfe1 a5 20. b4 axb4 21. axb4 Nb5 22. Qd3 c6 23. Qf5 Rf8 24. Qg4 Qe6 25. Qxe6 fxe6 26. Ng6 Rfe8 27. g4 1/2-1/2

[Event "GER-ch U12 Girls"]
[Site "Willingen"]
[Date "2020.10.27"]
[Round "1"]
[White "Hergenroeder, Cora"]
[Black "Modali, Nikhilamrutha"]
[Result "0-1"]
[WhiteElo "1422"]
[BlackElo "1193"]
[PlyCount "48"]
[EventDate "2020.10.26"]
[EventType "swiss"]
[EventRounds "7"]
[EventCountry "GER"]
[SourceTitle "CBM 199 Extra"]
[Source "ChessBase"]
[SourceDate "2021.01.31"]
[SourceVersion "1"]
[SourceVersionDate "2021.01.31"]
[SourceQuality "1"]

1. d4 Nf6 2. c4 g6 3. Nf3 Bg7 4. Bg5 d6 5. Nc3 0-0 6. e3 Re8 7. Rc1 Nbd7 8. Bd3 e5 9. 0-0 h6 10. Bxf6 Nxf6 11. h3 e4 12. Nxe4 Nxe4 13. Qc2 Ng5 14. Be2 Qf6 15. Nxg5 Qxg5 16. Kh1 Qh4 17. Bd3 Kh7 18. Qa4 c6 19. d5 Bd7 20. Qb4 Bxh3 21. gxh3 Qxh3+ 22. Kg1 Re5 23. f4 Qg3+ 24. Kh1 Rh5# 0-1

[Event "GER-ch op (Women) 20th"]
[Site "Erlangen"]
[Date "2020.10.04"]
[Round "6"]
[White "Bako, Isabella"]
[Black "Hergenroeder, Cora"]
[Result "0-1"]
[WhiteElo "1153"]
[BlackElo "1293"]
[PlyCount "50"]
[EventDate "2020.10.01"]
[EventType "swiss"]
[EventRounds "7"]
[EventCountry "GER"]
[SourceTitle "EXT 2022"]
[Source "ChessBase"]
[SourceDate "2021.10.06"]
[SourceVersion "1"]
[SourceVersionDate "2021.10.06"]
[SourceQuality "1"]

1. e4 c6 2. d4 d5 3. Nc3 g6 4. e5 Bf5 5. Bd3 Bxd3 6. Qxd3 e6 7. Nf3 Nd7 8. Bg5 Ne7 9. 0-0 Qb6 10. b3 Nf5 11. Na4 Qc7 12. c3 b5 13. Nb2 h6 14. Bf6 Nxf6 15. exf6 Bd6 16. Rfe1 0-0-0 17. Ne5 h5 18. c4 Bxe5 19. Rxe5 dxc4 20. bxc4 Rxd4 21. Qe2 Rhd8 22. Rb1 Rd2 23. Qe1 Rxb2 24. Rxb2 Qxe5 25. Qc1 Qxb2 0-1

[Event "GER-ch op (Women) 20th"]
[Site "Erlangen"]
[Date "2020.10.03"]
[Round "5"]
[White "Hergenroeder, Cora"]
[Black "Albayrak, Aylin"]
[Result "0-1"]
[WhiteElo "1293"]
[BlackElo "1735"]
[PlyCount "108"]
[EventDate "2020.10.01"]
[EventType "swiss"]
[EventRounds "7"]
[EventCountry "GER"]
[SourceTitle "EXT 2022"]
[Source "ChessBase"]
[SourceDate "2021.10.06"]
[SourceVersion "1"]
[SourceVersionDate "2021.10.06"]
[SourceQuality "1"]

1. e4 e6 2. d4 d5 3. e5 c5 4. Be3 Qb6 5. b3 Nc6 6. Nf3 cxd4 7. Bxd4 Nxd4 8. Nxd4 Bc5 9. c3 Bd7 10. b4 Be7 11. Bd3 Bxb4 12. Bc2 Bc5 13. 0-0 Qb2 14. Nb3 Bb6 15. Re1 a5 16. a4 Rc8 17. Qd3 d4 18. c4 Ne7 19. Re2 Nc6 20. Bd1 Nb4 21. Qf3 Qxa1 22. Nxa1 Rxc4 23. Nb3 Bc6 24. Qg3 0-0 25. Rd2 Rd8 26. Be2 Rc2 27. Rxc2 Nxc2 28. Qh3 Nb4 29. Bd3 g6 30. N1d2 Bxa4 31. Nc1 Rc8 32. Nc4 Bb5 33. g4 Bxc4 34. Bxc4 Rxc4 35. Ne2 d3 36. Qf3 d2 37. Qb3 Rc1+ 38. Nxc1 dxc1Q+ 39. Kg2 Qc2 40. Qf3 Qc6 41. Qxc6 Nxc6 42. Kh3 Bxf2 43. g5 a4 44. Kg4 a3 45. h4 a2 46. h5 a1Q 47. h6 Qd1+ 48. Kh3 Qd3+ 49. Kg2 Bh4 50. Kh2 Nxe5 51. Kg2 Qf3+ 52. Kg1 Bxg5 53. Kh2 Ng4+ 54. Kg1 Be3# 0-1